000 02067cam a2200265 a 4500
003 OSt
005 20210311100524.0
008 010108t 2000ck ad r 000 0 spa d
020 _a9589682626
040 _aCO-BoPUJ
_cCO-JMCR
041 0 _aspa
082 0 4 _a333.72 /
_bI597b
_223
110 2 _aInstituto de Investigación de Recursos Biológicos Alexander von Humboldt
_935930
245 1 0 _aBiocomercio :
_bestrategias para el desarrollo sostenible en Colombia /
_cInstituto de Investigación de Recursos Biológicos Alexander Von Humboldt ; editor María Paula Quiceno Mesa
246 1 0 _aEstrategias para el desarrollo sostenible en Colombia
260 _aBogotá :
_bInstituto Humboldt,
_c2000.
300 _axxii, 433 páginas :
_bilustraciones, gráficas y tablas ;
_c28 cm.
504 _aIncluye referencias bibliográficas.
505 0 _aEstudios de mercado sobre productos naturales no maderables -- Tendencias del mercado internacional para recursos genéticos y bioquímicos -- Ecoturismo sostenible -- Ecoturismo -- Propuesta de un sistema mínimo de indicadores de aprovechamiento comercial sostenible de productos biológicos -- Mecanismos innovadores para la distribución equitativa de beneficios de los conocimientos de biodiversidad y otros conocimientos asociados -- El conocimiento tradicional y la propiedad intelectual -- Aspectos legales nacionales en comercio y biodiversidad -- La certificación: un seguro de credibilidad -- Pueblos indígenas de Colombia y el oro verde -- Los bionegocios: perspectivas del sector privado -- El papel de las organizaciones no gubernamentales en el uso sostenible y la comercialización de productos de la biodiversidad -- Base para la formulación de un plan nacional de biocomercio sostenible para Colombia --
650 1 4 _aDesarrollo sostenible
_zColombia
_910195
650 2 4 _aConservación de la diversidad biológica
_zColombia
_935931
650 2 4 _aDesarrollo económico
_xAspectos ambientales
_zColombia
_935932
700 1 _aQuiceno Mesa, María Paula,
_eeditora
_935933
942 _2ddc
_cBK
999 _c15334
_d15334